000 00449nam a2200133Ia 4500
008 100328s9999 xx 000 0 und d
082 _b22538
100 _aसाठे अण्णाभाऊ
245 _aवारणेच्या खोऱ्यात
260 _bविद्याथीॅ
630 _aवारणेच्या खोऱ्यात
730 _aवारणेच्या खोऱ्यात
942 _cBOOK
999 _c516413
_d516410